000 00272nam a2200109Ia 4500
008 190216s9999||||xx |||||||||||||| ||und||
100 _a"Cooper Www, Yuji Lgiri"
245 0 _aDictionary For Accountancy
260 _bPrentice Hall India
_c1984
300 _a545p
942 _cBK
999 _c5019
_d5019